Democratizing forest governance in India / (Record no. 90022)

MARC details
000 -LEADER
fixed length control field 00660nam a22002057a 4500
005 - DATE AND TIME OF LATEST TRANSACTION
control field 20170724140653.0
010 ## - LCCN (DPL NO)
LC control number ENG-111218
020 ## - INTERNATIONAL STANDARD BOOK NUMBER
International Standard Book Number 9780198099123
Terms of availability 495.00
035 ## - SYSTEM CONTROL NUMBER
System control number EN-94750
037 ## - SOURCE OF ACQUISITION
Source of stock number/acquisition DBAD/PUB
082 ## - DEWEY DECIMAL CLASSIFICATION NUMBER
Classification number 354.550954
245 ## - TITLE STATEMENT
Title Democratizing forest governance in India /
Statement of responsibility, etc edited by Sharachchandra Lele [and] Ajit Menon
260 ## - PUBLICATION, DISTRIBUTION, ETC. (IMPRINT)
Place of publication, distribution, etc New Delhi
Name of publisher, distributor, etc Oxford University Press
Date of publication, distribution, etc 2014
270 ## - ADDRESS
Address YMCA Library building, 1 Jai Singh Road
City New Delhi
Postal code 110001
300 ## - PHYSICAL DESCRIPTION
Extent xiv, 432p.
Dimensions 22cm(Hb)
500 ## - GENERAL NOTE
General note Includes index
700 ## - ADDED ENTRY--PERSONAL NAME
Personal name Lele, Sharachchandra
700 ## - ADDED ENTRY--PERSONAL NAME
Personal name Menon, Ajit
942 ## - ADDED ENTRY ELEMENTS (KOHA)
Source of classification or shelving scheme Dewey Decimal Classification
Item type English Books
Call number suffix DEM
Classification part 354.550954
Holdings
Withdrawn status Lost status Not for loan Collection code Home library Current library Date acquired Source of acquisition Cost, normal purchase price Full call number Barcode Copy number Cost, replacement price Koha item type
    Not For Loan Non-fiction D.B.Act.Division Bawana 13/11/2014 DBAD/PUB 495.00 DEM EN-94750 1 495.00 English Books

© Delhi Public Library
Hit Counter
free hit counter